| 000 | 01157nam a22002657a 4500 | ||
|---|---|---|---|
| 008 | 231012b ||||| |||| 00| 0 spa d | ||
| 020 | _a978-950-29-1238-7 | ||
| 040 | _cAR-FvUNAJ | ||
| 082 | 1 | 4 |
_214 _a330.98 |
| 100 | 1 |
_919245 _aPiqué, Pilar |
|
| 245 | 1 | 0 |
_aArgentina y Brasil : _bpasado, presente y perspectivas / _cPilar Piqué. |
| 260 |
_aBuenos Aires : _bUniversidad de Buenos Aires. _c2010. |
||
| 300 |
_a90 p. : _bgráficos |
||
| 505 | 2 | _t1. Punto de partida para el estudio del desarrollo histórico de los ámbitos de acumulación argentino y brasilero. | |
| 505 | 2 | _t2. Desarrollo histórico de los ámbitos de acumulación argentino y brasilero. | |
| 505 | 2 | _t3. Los avances y retrocesos de la acumulación del capital en las últimas décadas y las transformaciones en la utilización de la fuerza de trabajo. | |
| 505 | 2 | _t4. Argentina y Brasil: pasado, presente y perspectivas. | |
| 505 | 2 | _t5. Anexo. | |
| 505 | 2 |
_t6. Bibliografía _gp. 82-88. |
|
| 650 | 1 | 7 |
_2unescot _9524 _aECONOMIA |
| 651 | 1 | 7 |
_9326 _aARGENTINA _2unescot |
| 651 | 1 | 7 |
_91182 _aBRASIL _2unescot |
| 942 |
_2ddc _cLIBRO |
||
| 980 |
_621570 _a Diaz Bustince _82 _gVirginia Figueroa |
||
| 999 |
_c9785 _d9785 |
||